| 000 | 00839cam a22002773a 4500 | ||
|---|---|---|---|
| 001 | 10172 | ||
| 003 | PGUSA | ||
| 005 | 20140828083221.0 | ||
| 008 | 031101s2003||||xxu|||||s|||||000 | eng d | ||
| 040 |
_aPGUSA _beng |
||
| 042 | _adc | ||
| 050 | 4 | _aM | |
| 245 | 1 | 0 |
_aMinuet in G Flat major and Valse Bluette _h[electronic resource] |
| 260 |
_bProject Gutenberg, _c2003 |
||
| 500 | _aParlow on violin; Falkenstein on piano. | ||
| 506 | _aPublic domain in the USA. | ||
| 516 | _aElectronic text | ||
| 653 | _aViolin and piano music, Arranged | ||
| 700 | 1 |
_aParlow, Kathleen, _d1890-1963 |
|
| 700 | 1 |
_aBeethoven, Ludwig van, _d1770-1827 |
|
| 700 | 1 |
_aDrigo, Riccardo, _d1846-1930, 1846-1930 |
|
| 700 | 1 | _aFalkenstein, George | |
| 830 | 0 |
_aProject Gutenberg _v10172 |
|
| 856 | 4 | 0 | _uhttp://www.gutenberg.org/ebooks/10172 |
| 942 | _cEB | ||
| 999 |
_c239427 _d239427 |
||